| 000 | 00654cam a22002413a 4500 | ||
|---|---|---|---|
| 001 | 25385 | ||
| 003 | PGUSA | ||
| 005 | 20140828083539.0 | ||
| 008 | 080508s2008||||xxu|||||s|||||000 | eng d | ||
| 040 |
_aPGUSA _beng |
||
| 042 | _adc | ||
| 050 | 4 | _aPL | |
| 100 | 1 |
_aDong, Zhongshu, _d2nd cent. B.C. |
|
| 245 | 1 | 0 |
_a春秋繁露 _h[electronic resource] / _cZhongshu Dong |
| 260 |
_bProject Gutenberg, _c2008 |
||
| 506 | _aPublic domain in the USA. | ||
| 516 | _aElectronic text | ||
| 653 | _aConfucius. Chun qiu | ||
| 740 | 0 | _aChun qiu fan lu | |
| 830 | 0 |
_aProject Gutenberg _v25385 |
|
| 856 | 4 | 0 | _uhttp://www.gutenberg.org/ebooks/25385 |
| 942 | _cEB | ||
| 999 |
_c254640 _d254640 |
||